000 00674cam a22002293a 4500
001 14477
003 PGUSA
005 20140828083317.0
008 041226s2004||||xxu|||||s|||||000 | eng d
040 _aPGUSA
_beng
042 _adc
050 4 _aD501
100 1 _aDillon, Emile Joseph,
_d1855-1933
245 1 4 _aThe Inside Story of the Peace Conference
_h[electronic resource] /
_cEmile Joseph Dillon
260 _bProject Gutenberg,
_c2004
506 _aPublic domain in the USA.
516 _aElectronic text
653 _aParis Peace Conference (1919-1920)
830 0 _aProject Gutenberg
_v14477
856 4 0 _uhttp://www.gutenberg.org/ebooks/14477
942 _cEB
999 _c243732
_d243732